Marquette intellectual property law review

Detalles Bibliográficos
Autor Corporativo: Marquette University. Law School
Formato: Seriadas
Lenguaje:inglés
Publicado: Milwaukee, Wis. : Marquette University School of Law, 1997-
Materias:
Acceso en línea:Acceso restringido

MARC

LEADER 00000nas a2200000 a 4500
005 20110922115741.0
007 cr |||||||||||
008 040729c19979999xxu|||||s ||| 0 ||eng|c
022 |a 1092-5899 (versi ̤paper) 
035 |a 3121 
040 |d vLex 
090 |c 2527  |d 2527 
245 0 0 |a Marquette intellectual property law review  |h [Recurso electrn̤ico] 
256 |a Servicio en ln̕ea. 
260 |a Milwaukee, Wis. :  |b Marquette University School of Law,  |c 1997- 
300 |a 1 recurso electrn̤ico 
310 |a Anual 
500 |a Descripcin̤ hecha a partir de: Vol. 1, (1997) 
506 1 |a Contenido solo disponible en los productos indicados  |d vLex Global  |d vLex Global (Academic Edition, excluding Law Schools)  |d vLex Global (Academic Edition, Law Schools) 
650 0 4 |a Derecho  |z Estados Unidos de Amřica  |z Wisconsin  |x Revistas 
650 0 4 |a Derecho  |z Estados Unidos de Amřica  |x Revistas 
650 0 4 |a Patentes de inovacin̤  |x Derecho  |z Estados Unidos de Amřica  |x Revistas 
650 0 4 |a Propiedad intelectual  |z Estados Unidos de Amřica  |x Revistas 
710 2 |a Marquette University.  |b Law School 
740 0 |a vLex Revistas (Servicio en ln̕ea) 
856 4 0 |z Acceso restringido  |u http://vlex.com/source/marquette-intellectual-property-law-review-3121 
942 |c REV